Využívanie sekundárnych letísk v medzinárodnej leteckej doprave diplomová práca

Gespeichert in:
Bibliographische Detailangaben
1. Verfasser: Krčméry, Michal
Körperschaft: Fakulta medzinárodných vzťahov EU. Katedra medzinárodných ekonomických vzťahov a hospodárskej diplomacie
Weitere Verfasser: Grančay, Martin, 1984-2024
Format: Buch
Sprache:Slowakisch
Veröffentlicht: Bratislava 2013
Tags: Tag hinzufügen
Keine Tags, Fügen Sie das erste Tag hinzu!

MARC

LEADER 00000nbm a2200000 4500
001 0170606
005 20170315090438.7
041 0 |a slo 
044 |a SK 
245 1 0 |a Využívanie sekundárnych letísk v medzinárodnej leteckej doprave  |b diplomová práca  |c Michal Krčméry ; školiteľ: Martin Grančay 
264 1 |a Bratislava  |c 2013 
300 |a 90 s. 
100 1 |a Krčméry, Michal 
700 1 |a Grančay, Martin, 1984-2024 
710 2 |a Fakulta medzinárodných vzťahov EU. Katedra medzinárodných ekonomických vzťahov a hospodárskej diplomacie